Statistika v ekonomii

Salvato in:
Dettagli Bibliografici
Autore principale: Hindls, Richard
Altri autori: Arltová, Markéta, Hronová, Stanislava
Natura: Libro
Lingua:ceco
Pubblicazione: [Průhonice] Professional Publishing 2018
Edizione:1. vydání
Soggetti:
Tags: Aggiungi Tag
Nessun Tag, puoi essere il primo ad aggiungerne!!

MARC

LEADER 00000nam a2200000 4500
001 0290813
005 20240416113827.5
020 |a 978-80-88260-09-7 
041 0 |a cze 
044 |a CZ 
245 1 0 |a Statistika v ekonomii  |c Richard Hindls ... [et al.] 
250 |a 1. vydání 
264 1 |a [Průhonice]  |b Professional Publishing  |c 2018 
300 |a 395 s. 
610 2 0 |a štatistika ekonomická 
610 2 0 |a pravdepodobnosť 
610 2 0 |a analýza dát 
610 2 0 |a analýza regresná 
610 2 0 |a analýza korelačná 
610 2 0 |a rady časové 
610 2 0 |a analýza radov časových 
610 2 0 |a metódy štatistické 
100 1 |a Hindls, Richard 
700 1 |a Arltová, Markéta 
700 1 |a Hronová, Stanislava